| 000 | 00861nam a2200241 a 4500 | ||
|---|---|---|---|
| 005 | 20210223124629.0 | ||
| 008 | 020606s1993 mx r 000 0 spa d | ||
| 020 | _a847731148X | ||
| 035 | _aUPN01000117737 | ||
| 049 | _aCG | ||
| 050 | 4 |
_aHV6248 C6.6 _bS9.48 1993 |
|
| 100 | 1 |
_aSutherland, Edwin H., _d1883-1950 |
|
| 245 | 1 | 0 |
_aLadrones profesionales / _cEdwin H. Sutherland ; presentación Gonzalo Martínez Fresneda; ed. y tr. Julia Varela y Fernando Alvarez-Uría. |
| 250 | _a2a. ed. | ||
| 260 |
_aMadrid : _bLa Piqueta, _c1993. |
||
| 300 | _a236 p. | ||
| 440 | 0 |
_aGeneología del poder ; _v15 |
|
| 500 | _a"Texto elaborado a partir de la narración de Chic Conwell, un profesional del robo" | ||
| 650 | 4 |
_aLADRONES - _zESTADOS UNIDOS |
|
| 650 | 4 |
_aDELINCUENTES - _zESTADOS UNIDOS _97742 |
|
| 700 | 1 |
_aConwell, Chic, _d1933- , _ecoaut. |
|
| 905 | _aLibro | ||
| 999 |
_c90190 _d90190 |
||